| 000 | 00404nam a2200145Ia 4500 | ||
|---|---|---|---|
| 008 | 230917s9999||||xx |||||||||||||| ||und|| | ||
| 040 |
_e206639 _aMAIN |
||
| 041 | _aEnglish | ||
| 082 | _a352.054 R126D | ||
| 100 | _aRanghunandan, T R, ed. | ||
| 245 | 0 | _aDecentralisation and local governments: The India experience | |
| 260 |
_aNew Delhi _bOrient Blackswan _c2012 |
||
| 300 | _ax, 432 p. | ||
| 942 | _cBK | ||
| 999 |
_c175719 _d175719 |
||